header

The Church in the modern age (Record no. 20454)

MARC details
000 -LEADER
fixed length control field 01387nam a2200325 a 4500
082 04 - DEWEY DECIMAL CLASSIFICATION NUMBER
Classification number 270.82
100 1# - MAIN ENTRY--AUTHOR NAME
Personal name Morris, Jeremy.
245 14 - TITLE STATEMENT
Title The Church in the modern age
260 ## - PUBLICATION, DISTRIBUTION, ETC. (IMPRINT)
Place of publication London :
Name of publisher I.B. Tauris,
Year of publication 2007.
300 ## - PHYSICAL DESCRIPTION
Number of Pages xxxi, 224 p.
490 1# - SERIES STATEMENT
Series statement The I.B. Tauris history of the Christian Church ;
505 0# - FORMATTED CONTENTS NOTE
Formatted contents note pt. I. 1914 to 1945 : the crisis of imperialism -- pt. II. 1945 to 1973 : the end of empire -- pt. III. 1973 to 2000 : the rise of the global south.
650 #0 - SUBJECT ADDED ENTRY--TOPICAL TERM
Topical Term Church history
856 40 - ELECTRONIC LOCATION AND ACCESS
Uniform Resource Identifier http://site.ebrary.com/lib/rucke/Doc?id=10701234

No items available.

© 2026 Rongo University
Contact us: librarian | system librarian | Rongo university